[Event "IHEM 2004"]
[Site "Hamburg"]
[Date "2004.06.04"]
[Round "7.12"]
[White "Kröncke, Manfred"]
[Black "Zimmermann, Julian"]
[Result "0-1"]
[WhiteElo "2190"]
[BlackElo "2276"]
[PlyCount "46"]
[EventDate "2004.??.??"]

1. e4 c5 2. Nf3 Nf6 3. d3 Nc6 4. g3 d6 5. Bg2 g6 6. O-O Bg7 7. Re1 O-O 8. c3 e5
9. h3 Re8 10. Be3 b6 11. d4 exd4 12. cxd4 Nxe4 13. Nc3 Nxc3 14. bxc3 Bb7 15.
Qa4 Qd7 16. Red1 Qc7 17. Rab1 Ne7 18. dxc5 dxc5 19. Rd7 Qc6 20. Qd1 Nd5 21.
Rxb7 Qxb7 22. Ng5 Nxe3 23. fxe3 Qe7 0-1

[Event "IHEM 2004"]
[Site "Hamburg"]
[Date "2004.06.04"]
[Round "7.13"]
[White "Siebrecht, Sebastian"]
[Black "Schulz, Hans-Juergen"]
[Result "1-0"]
[WhiteElo "2369"]
[BlackElo "2074"]
[PlyCount "73"]
[EventDate "2004.??.??"]

1. e4 e5 2. Nf3 Nc6 3. Nc3 Nf6 4. g3 d5 5. exd5 Nxd5 6. Bg2 Be6 7. Qe2 Bd6 8.
O-O O-O 9. d3 h6 10. Ne4 Be7 11. c3 Qd7 12. Ned2 f6 13. Re1 Bg4 14. Nc4 Rad8
15. Qc2 Bc5 16. b4 Be7 17. b5 Nb8 18. Nfxe5 fxe5 19. Nxe5 Qe6 20. Bb2 Rfe8 21.
Nc6 Qf7 22. Nxd8 Rxd8 23. Qa4 Bf5 24. Qxa7 b6 25. c4 Nf6 26. Qxc7 Nbd7 27. Re3
Rf8 28. Rae1 Bd8 29. Qd6 Kh7 30. h3 Ne8 31. Qd5 Qg6 32. Rxe8 Rxe8 33. Rxe8 Qxe8
34. Qxf5+ g6 35. Qe4 Qf7 36. Qb7 Qe6 37. Bc6 1-0

[Event "IHEM 2004"]
[Site "Hamburg"]
[Date "2004.06.04"]
[Round "7.14"]
[White "Mandelbaum, Peter-Rene"]
[Black "Voigt, Martin"]
[Result "0-1"]
[WhiteElo "2155"]
[BlackElo "2258"]
[PlyCount "88"]
[EventDate "2004.??.??"]

1. e4 c6 2. Nc3 d5 3. Nf3 dxe4 4. Nxe4 Bf5 5. Ng3 Bg4 6. Bc4 e6 7. h3 Bxf3 8.
Qxf3 Nd7 9. Bb3 a5 10. a3 Ngf6 11. O-O Be7 12. d4 a4 13. Ba2 O-O 14. c3 Qb6 15.
Bb1 c5 16. Ne2 Rfd8 17. Bc2 Qb5 18. Rb1 c4 19. g4 Qd5 20. Qxd5 Nxd5 21. f4 g6
22. Ng3 f5 23. g5 Kf7 24. h4 h6 25. Kg2 hxg5 26. hxg5 Rh8 27. Rh1 Rxh1 28. Kxh1
b5 29. Bd2 Rh8+ 30. Kg2 Nf8 31. Rh1 Rxh1 32. Kxh1 e5 33. dxe5 Ne6 34. Ne2 Bc5
35. Bd1 Be3 36. Bc1 Bxc1 37. Nxc1 Nexf4 38. Ne2 Nd3 39. Bc2 Nxb2 40. e6+ Ke7
41. Nd4 Nxc3 42. Bxf5 gxf5 43. g6 Kf6 44. Nxf5 Kxg6 0-1

[Event "IHEM 2004"]
[Site "Hamburg"]
[Date "2004.06.04"]
[Round "7.15"]
[White "Bach, Matthias"]
[Black "Guzmann, Enrique"]
[Result "0-1"]
[WhiteElo "2351"]
[BlackElo "2230"]
[PlyCount "92"]
[EventDate "2004.??.??"]

1. d4 Nf6 2. c4 g6 3. Nc3 Bg7 4. e4 d6 5. f4 O-O 6. Nf3 c5 7. d5 e6 8. Be2 exd5
9. cxd5 Bg4 10. O-O Nbd7 11. Re1 Re8 12. h3 Bxf3 13. Bxf3 Qa5 14. Be3 b5 15. a3
Nb6 16. e5 dxe5 17. fxe5 Nfd7 18. d6 Rac8 19. Nd5 Nxd5 20. Qxd5 Bxe5 21. Bg4
Nb6 22. Bd2 Qa4 23. Qb7 f5 24. Rxe5 Qd4+ 25. Kh1 Rxe5 26. Bh6 Re6 27. Rd1 Qf6
28. Bf3 Rd8 29. Bd5 Nxd5 30. Qxd5 Qe5 31. Qb7 Rexd6 32. Rxd6 Rxd6 33. Qb8+ Kf7
34. Qf8+ Ke6 35. Qe8+ Kd5 36. Qxb5 Qe1+ 37. Kh2 Qe5+ 38. Kh1 Qd4 39. Qb7+ Kc4
40. b3+ Kd3 41. Qb5+ Kc2 42. Bg7 Qe3 43. Qc4+ Kb1 44. b4 Qc1+ 45. Qxc1+ Kxc1
46. bxc5 Ra6 0-1

[Event "IHEM 2004"]
[Site "Hamburg"]
[Date "2004.06.04"]
[Round "7.16"]
[White "Putzbach, Gerd"]
[Black "Engelbert, Christoph"]
[Result "1-0"]
[WhiteElo "2268"]
[BlackElo "2213"]
[PlyCount "119"]
[EventDate "2004.??.??"]

1. e4 g6 2. d4 Bg7 3. Bc4 d6 4. Nf3 Nf6 5. Qe2 Nc6 6. Nc3 Bg4 7. e5 Bxf3 8.
gxf3 Nxd4 9. exf6 Nxe2 10. fxg7 Rg8 11. Bxe2 c6 12. Be3 Qa5 13. O-O-O O-O-O 14.
f4 Rxg7 15. Rhg1 Kb8 16. Rg5 Qc7 17. b4 f6 18. Ra5 b6 19. Ra6 e5 20. a4 d5 21.
fxe5 fxe5 22. a5 Qe7 23. axb6 Qxb4 24. bxa7+ Kb7 25. Na2 Qd6 26. Bb5 d4 27. Bg5
Rc8 28. Rd3 Ka8 29. Rda3 Rf7 30. Bh4 Qd5 31. Ba4 c5 32. Bg3 e4 33. Rb3 Rb7 34.
Rd6 Qc4 35. Rxb7 Kxb7 36. Rd7+ Ka8 37. Bb3 Qf1+ 38. Kb2 Qb5 39. Rd5 Qb7 40. c4
dxc3+ 41. Nxc3 Qxa7 42. Bc2 Qb6+ 43. Kc1 Qb4 44. Nxe4 Re8 45. Be5 Qe1+ 46. Rd1
Qe2 47. f4 Qxh2 48. Rd5 g5 49. Rxc5 Qg1+ 50. Kb2 Rxe5 51. fxe5 Qd4+ 52. Kb3 g4
53. e6 Kb8 54. e7 Qd7 55. Re5 Qb7+ 56. Kc4 Qc6+ 57. Nc5 Qe8 58. Ba4 Qf7+ 59.
Kb5 Qf1+ 60. Ka5 1-0

[Event "IHEM 2004"]
[Site "Hamburg"]
[Date "2004.06.04"]
[Round "7.17"]
[White "Maahs, Erich"]
[Black "Limbach, Torsten"]
[Result "1-0"]
[WhiteElo "2178"]
[BlackElo "2079"]
[PlyCount "97"]
[EventDate "2004.??.??"]

1. e4 e6 2. d4 d5 3. Nd2 Be7 4. Ngf3 Nf6 5. e5 Nfd7 6. Bd3 c5 7. c3 Nc6 8. O-O
a5 9. a3 cxd4 10. cxd4 Qb6 11. Qa4 Qc7 12. Qc2 Qb6 13. Qa4 Qc7 14. Re1 g5 15.
h3 h5 16. g4 hxg4 17. hxg4 Nb6 18. Qc2 Bd7 19. Nf1 O-O-O 20. Bd2 Kb8 21. Rac1
Rc8 22. Ng3 Qd8 23. Qd1 Qf8 24. Be3 f5 25. exf6 Bxf6 26. Kg2 Qg7 27. Nh5 Qh6
28. Ne5 Bxe5 29. dxe5 d4 30. Bd2 Nd5 31. Be4 Nf4+ 32. Bxf4 gxf4 33. Bf3 Rcg8
34. Kf1 Rg5 35. Qb3 Rc8 36. Qb6 Rxh5 37. gxh5 Qg5 38. Rc5 Rg8 39. Ke2 Qf5 40.
Kd2 Rc8 41. Rec1 Qh3 42. Bxc6 Bxc6 43. Rxc6 Rxc6 44. Rxc6 Qf3 45. Qd8+ Ka7 46.
Qxa5+ Kb8 47. Qd8+ Ka7 48. Qxd4+ Kb8 49. Rxe6 1-0

[Event "IHEM 2004"]
[Site "Hamburg"]
[Date "2004.06.04"]
[Round "7.18"]
[White "Bergsträßer, Andreas"]
[Black "Parindra, Amran Mojo Pahit"]
[Result "0-1"]
[WhiteElo "1986"]
[BlackElo "2032"]
[PlyCount "126"]
[EventDate "2004.??.??"]

1. d4 Nf6 2. Nf3 e6 3. e3 b6 4. Bd3 Bb7 5. Nbd2 Be7 6. O-O d5 7. b3 Nbd7 8. Bb2
O-O 9. Qe2 Ne4 10. c4 f5 11. Rfd1 Bh4 12. Nxh4 Qxh4 13. Nf1 dxc4 14. bxc4 Ng5
15. f3 Rf6 16. Rac1 Rg6 17. Kh1 Qh5 18. d5 Nc5 19. Bb1 Rf8 20. Ba3 Rh6 21. Bxc5
bxc5 22. Rd2 f4 23. e4 Ba6 24. Rc3 e5 25. Ra3 Rb8 26. Bd3 Qf7 27. Ra5 Qe7 28.
Qf2 Nf7 29. Qxc5 Qd8 30. Qa3 Rbb6 31. c5 Bxd3 32. Qxd3 Rb4 33. a3 Rb7 34. c6
Rb6 35. Rxa7 Nd6 36. Ra5 Rh5 37. Ra6 Rb5 38. a4 Rb4 39. Qe2 Qb8 40. Rd1 Rb2 41.
Ra8 Rxe2 42. Rxb8+ Kf7 43. Rbb1 Rg5 44. g3 Rf2 45. Rd3 Ra2 46. Rb4 Ke7 47. g4
Rg6 48. h4 Rh6 49. Nd2 Rxh4+ 50. Kg2 Ra1 51. Nf1 Nf7 52. Rb7 Kd6 53. Ra7 h5 54.
gxh5 Rxh5 55. a5 Rg5+ 56. Kf2 Rh5 57. Kg2 Rh6 58. a6 Rg6+ 59. Kf2 Ng5 60. Rd2
Nh3+ 61. Ke2 Rg1 62. Nh2 Rg2+ 63. Kd3 Ra3+ 0-1

[Event "IHEM 2004"]
[Site "Hamburg"]
[Date "2000.01.01"]
[Round "8.2"]
[White "Rogozenko, Dorian"]
[Black "Ftacnik, Lubomir"]
[Result "1-0"]
[WhiteElo "2531"]
[BlackElo "2579"]
[PlyCount "123"]
[EventDate "2000.??.??"]

1. d4 Nf6 2. c4 g6 3. Nf3 Bg7 4. g3 O-O 5. Bg2 d5 6. cxd5 Nxd5 7. O-O Nb6 8.
Nc3 Nc6 9. e3 Re8 10. d5 Na5 11. Nd4 Bd7 12. e4 c6 13. Re1 Rc8 14. Bf4 cxd5 15.
exd5 Nac4 16. b3 Nd6 17. Qd2 Na8 18. Rad1 Qa5 19. Ne4 Qxd2 20. Rxd2 Nc7 21.
Bxd6 exd6 22. Rf1 Bb5 23. Nxd6 Bxf1 24. Bxf1 Nxd5 25. Nxc8 Rxc8 26. Nf5 gxf5
27. Rxd5 f4 28. Rd7 Be5 29. Rxb7 fxg3 30. hxg3 Rc7 31. Rb5 Bd4 32. Rd5 Bb6 33.
Bc4 Rc5 34. Rd2 Kg7 35. Kg2 h6 36. f4 Rc7 37. Kf3 Bc5 38. Rd5 Bb6 39. Rf5 Bd4
40. Ke4 Bf2 41. g4 Bb6 42. a4 a5 43. Rb5 Rc6 44. Bd5 Rf6 45. f5 Bd8 46. Rb7 Kf8
47. Ra7 Bb6 48. Rb7 Bd8 49. Ke5 Be7 50. Rb5 Ra6 51. Bb7 Bf6+ 52. Kd5 Ra7 53.
Kc6 Kg7 54. Kc7 Bd4 55. Rd5 Bg1 56. Rd7 Kf6 57. Kd8 Kg5 58. Rxf7 Bb6+ 59. Kc8
Kxg4 60. Kb8 Kf4 61. f6 Ke5 62. Rh7 1-0

[Event "IHEM 2004"]
[Site "Hamburg"]
[Date "2000.01.01"]
[Round "8.5"]
[White "Handke, Florian"]
[Black "Pajeken, Wolfgang"]
[Result "1-0"]
[WhiteElo "2456"]
[BlackElo "2323"]
[PlyCount "95"]
[EventDate "2000.??.??"]

1. d4 Nf6 2. Nf3 e6 3. c4 b6 4. a3 Bb7 5. Nc3 d5 6. cxd5 Nxd5 7. Bd2 c5 8. e4
Nc7 9. Be3 cxd4 10. Nxd4 a6 11. Qg4 Nd7 12. Rd1 Qf6 13. Qg3 Rc8 14. Nf3 e5 15.
Bc4 Ne6 16. Bd5 Bxd5 17. Rxd5 Qg6 18. Qh3 Rxc3 {(=)} 19. bxc3 Qxe4 20. Rd1 Qc6
21. O-O Bxa3 22. Ng5 Nxg5 23. Bxg5 f6 24. Be3 Ke7 25. Rd2 Qe6 26. Qh4 Rc8 27.
Qxh7 Kf7 28. Qd3 Nc5 29. Qb1 Na4 30. Qa1 Rxc3 31. Ra2 Qe7 32. Bd2 Rd3 33. Bc1
Nc3 34. Rxa3 Ne2+ 35. Kh1 Nxc1 36. Rxa6 Nb3 37. Qb1 Qd7 38. Rxb6 Nd2 39. Qa2+
Kg6 40. Re1 Qd4 41. Rb7 Qxf2 42. Qf7+ Kf5 43. Qh5+ g5 44. Qh7+ Kg4 45. Re4+
Nxe4 46. Qxe4+ Qf4 47. h3+ Rxh3+ 48. gxh3+ 1-0

[Event "IHEM 2004"]
[Site "Hamburg"]
[Date "2000.01.01"]
[Round "8.6"]
[White "Lanka, Zigurds"]
[Black "Stanke, Juergen"]
[Result "1/2-1/2"]
[WhiteElo "2461"]
[BlackElo "2306"]
[PlyCount "89"]
[EventDate "2000.??.??"]

1. e4 c5 2. Nf3 e6 3. d4 cxd4 4. Nxd4 a6 5. Nc3 Qc7 6. Bd3 Nc6 7. Nxc6 bxc6 8.
O-O Nf6 9. Qe2 e5 10. f4 Bd6 11. Kh1 O-O 12. f5 Bb4 13. Bd2 Re8 14. Rf3 d5 15.
Re1 Bb7 16. Rg3 Bxc3 17. bxc3 Kh8 18. Rh3 c5 19. Bg5 Qd6 20. Qf2 c4 21. Qh4 Kg8
22. Be2 Kf8 23. exd5 Bxd5 24. Bxc4 Bxc4 25. Qxc4 h6 26. Rd3 Qe7 27. Bh4 Rec8
28. Qa4 e4 29. Rde3 Qe5 30. Bxf6 Qxf6 31. Qxe4 Kg8 32. h3 Rc6 33. Qd3 Kh7 34.
Qd5 Rd8 35. Qe4 Rdc8 36. Rd1 Rxc3 37. Rxc3 Rxc3 38. a4 Rc5 39. c4 Qxf5 40.
Qxf5+ Rxf5 41. Rc1 Rc5 42. Kg1 Kg6 43. Kf2 Kf5 44. Ke3 Ke5 45. Kd3 1/2-1/2

[Event "IHEM 2004"]
[Site "Hamburg"]
[Date "2000.01.01"]
[Round "8.7"]
[White "Zimmermann, Julian"]
[Black "Von Buelow, Georg"]
[Result "1-0"]
[WhiteElo "2276"]
[BlackElo "2339"]
[PlyCount "73"]
[EventDate "2000.??.??"]

1. e4 e5 2. Nf3 Nc6 3. Nc3 Nf6 4. Bb5 Bd6 5. d4 exd4 6. Nxd4 Be5 7. Be3 O-O 8.
O-O Re8 9. Re1 Ng4 10. Qxg4 Nxd4 11. Ba4 b5 12. f4 bxa4 13. fxe5 d6 14. Qg3
dxe5 15. Nd5 Nf5 16. exf5 Qxd5 17. f6 g6 18. Qg5 Bb7 19. Rad1 Qc6 20. Rd3 h6
21. Qg3 Qxf6 22. Bxh6 Rad8 23. Rc3 Rd7 24. h4 Kh7 25. Bg5 Qb6+ 26. Kh2 f6 27.
Be3 Qe6 28. Rf1 Rf7 29. Bxa7 Qxa2 30. h5 g5 31. Qd3+ e4 32. Qb5 c6 33. Qf5+ Kh8
34. b3 axb3 35. Bd4 bxc2 36. Bxf6+ Kg8 37. Qg6+ 1-0

[Event "IHEM 2004"]
[Site "Hamburg"]
[Date "2000.01.01"]
[Round "8.8"]
[White "Souleidis, Georgios"]
[Black "Kopylov, Michael"]
[Result "1-0"]
[WhiteElo "2398"]
[BlackElo "2433"]
[PlyCount "53"]
[EventDate "2000.??.??"]

1. e4 c5 2. Nf3 d6 3. Nc3 Nf6 4. d4 cxd4 5. Qxd4 Nc6 6. Bb5 Bd7 7. Bxc6 Bxc6 8.
Bg5 e6 9. O-O-O Be7 10. Rhe1 O-O 11. Kb1 Qa5 12. Qd2 Rfd8 13. Nd4 Be8 14. f3
Qc5 15. g4 b5 16. h4 b4 17. Nce2 a5 18. Ng3 Kh8 19. Nh5 Ng8 20. Rg1 Bxg5 21.
hxg5 a4 22. Rh1 Rdc8 23. g6 b3 24. Nxg7 bxc2+ 25. Nxc2 fxg6 26. Nxe6 Qc4 27.
Rxh7+ 1-0

[Event "IHEM 2004"]
[Site "Hamburg"]
[Date "2000.01.01"]
[Round "8.9"]
[White "Hess, Christian"]
[Black "Siebrecht, Sebastian"]
[Result "0-1"]
[WhiteElo "2305"]
[BlackElo "2369"]
[PlyCount "62"]
[EventDate "2000.??.??"]

1. Nf3 c5 2. c4 g6 3. d4 Bg7 4. e4 Qb6 5. dxc5 Qxc5 6. Be2 d6 7. O-O Bg4 8.
Nfd2 Bxe2 9. Qxe2 Nd7 10. Nb3 Qc6 11. Rd1 Ngf6 12. Nc3 Rc8 13. Nd2 Nh5 14. Nd5
Ne5 15. b3 e6 16. f4 Ng4 17. Ba3 Bd4+ 18. Kf1 Nxh2+ 19. Ke1 Qa6 20. Bxd6 Qxd6
21. e5 Qa6 22. Ne4 Bxa1 23. Nd6+ Kf8 24. g4 exd5 25. gxh5 Qb6 26. Qxh2 Qe3+ 27.
Qe2 Bc3+ 28. Kf1 Qxf4+ 29. Qf2 Qxf2+ 30. Kxf2 Rc5 31. Nxb7 Rc7 0-1

[Event "IHEM 2004"]
[Site "Hamburg"]
[Date "2000.01.01"]
[Round "8.10"]
[White "Voigt, Martin"]
[Black "Lindinger, Markus"]
[Result "1-0"]
[WhiteElo "2258"]
[BlackElo "2339"]
[PlyCount "83"]
[EventDate "2000.??.??"]

1. e4 c5 2. Nf3 Nc6 3. d4 cxd4 4. Nxd4 Nf6 5. Nc3 e5 6. Ndb5 d6 7. Bg5 a6 8.
Na3 b5 9. Nd5 Be7 10. Bxf6 Bxf6 11. c3 Ne7 12. Nc2 Nxd5 13. exd5 O-O 14. h4 e4
15. g3 Be5 16. Qd2 f5 17. O-O-O Bd7 18. Kb1 a5 19. Nd4 b4 20. cxb4 axb4 21. Nc6
Qb6 22. Nxe5 dxe5 23. Bc4 Rfc8 24. d6+ Kh8 25. Bb3 Bb5 26. Qd5 Bd3+ 27. Ka1 Qd4
28. Rc1 Rd8 29. Rc7 Qxd5 30. Bxd5 Ra6 31. d7 Rf6 32. Rc8 Rff8 33. Rhc1 Ba6 34.
Rxd8 Rxd8 35. Be6 f4 36. gxf4 exf4 37. Rc8 Bxc8 38. dxc8=Q Rxc8 39. Bxc8 e3 40.
fxe3 fxe3 41. Bg4 g6 42. Kb1 1-0

[Event "IHEM 2004"]
[Site "Hamburg"]
[Date "2000.01.01"]
[Round "8.12"]
[White "Cording, Harm"]
[Black "Vandrey, Wolfgang"]
[Result "1/2-1/2"]
[WhiteElo "2253"]
[BlackElo "2302"]
[PlyCount "23"]
[EventDate "2000.??.??"]

1. d4 Nf6 2. c4 d6 3. Nc3 Nbd7 4. e4 e5 5. Nf3 Be7 6. Be2 O-O 7. O-O c6 8. Qc2
a6 9. Rd1 Qc7 10. b4 b5 11. Qb3 bxc4 12. Bxc4 1/2-1/2

[Event "IHEM 2004"]
[Site "Hamburg"]
[Date "2000.01.01"]
[Round "8.13"]
[White "Meyer, Falko"]
[Black "Maahs, Erich"]
[Result "1-0"]
[WhiteElo "2368"]
[BlackElo "2178"]
[PlyCount "158"]
[EventDate "2000.??.??"]

1. e4 e6 2. d3 d5 3. Nd2 dxe4 4. dxe4 Nc6 5. Ngf3 Bc5 6. c3 Nf6 7. Be2 a5 8. a4
O-O 9. O-O e5 10. Qc2 h6 11. Nc4 Qe7 12. Nfd2 Be6 13. Nb3 Ba7 14. Kh1 Bxc4 15.
Bxc4 Ng4 16. g3 Kh8 17. h3 Nf6 18. Nd2 Ne8 19. b3 Bc5 20. Bb5 Nd8 21. Bxe8 Qxe8
22. Nf3 Nc6 23. Kg2 Rd8 24. Bd2 Qe6 25. Rad1 Rd7 26. Bc1 Rfd8 27. Nh4 Ne7 28.
g4 Qc6 29. Rxd7 Qxd7 30. Re1 Qd3 31. Re2 Kg8 32. Qxd3 Rxd3 33. Rc2 c6 34. Nf3
f6 35. Ne1 Rd1 36. Kf1 Kf7 37. Ke2 Rd8 38. Nd3 Bb6 39. f4 exf4 40. Bxf4 g5 41.
Bg3 h5 42. gxh5 Rh8 43. Kf3 Rxh5 44. Kg4 Rh8 45. Nb2 Nc8 46. Nc4 Bd8 47. Rf2
Ke6 48. Rf5 Ne7 49. Rxf6+ Kxf6 50. Be5+ Ke6 51. Bxh8 b5 52. axb5 cxb5 53. Na3
b4 54. cxb4 axb4 55. Nc2 Ng6 56. Bd4 Be7 57. Be3 Ne5+ 58. Kh5 Nd3 59. Bxg5 Bd6
60. Bh4 Bf4 61. Kg4 Bd2 62. Nd4+ Kf7 63. Kf5 Bc3 64. Nb5 Be5 65. Bg5 Bb2 66.
Be3 Be5 67. Bd4 Bb8 68. e5 Nc1 69. e6+ Ke8 70. Be5 Bxe5 71. Kxe5 Ke7 72. Nd4
Nd3+ 73. Kf5 Nc5 74. h4 Kf8 75. h5 Nb7 76. h6 Nd6+ 77. Ke5 Ne8 78. Nf5 Kg8 79.
Nd6 Nc7 1-0

[Event "IHEM 2004"]
[Site "Hamburg"]
[Date "2000.01.01"]
[Round "8.14"]
[White "Guzmann, Enrique"]
[Black "Putzbach, Gerd"]
[Result "1-0"]
[WhiteElo "2230"]
[BlackElo "2268"]
[PlyCount "57"]
[EventDate "2000.??.??"]

1. d4 d5 2. c4 dxc4 3. e3 e6 4. Bxc4 c5 5. Nf3 a6 6. O-O Nf6 7. Qe2 b5 8. Bd3
Nc6 9. dxc5 Bxc5 10. e4 Nb4 11. Rd1 Qb6 12. Bg5 Ng4 13. Bh4 Bb7 14. Nc3 Nxd3
15. Rxd3 O-O 16. h3 Nf6 17. Ne5 Bc6 18. Nxc6 Qxc6 19. Rad1 Ne8 20. e5 Nc7 21.
Qg4 Rfc8 22. Bf6 Bf8 23. Rd6 Qb7 24. Rd7 b4 25. Bxg7 Bxg7 26. Rxf7 Ne8 27. Rxb7
bxc3 28. Rxg7+ Kf8 29. Rdd7 1-0

[Event "IHEM 2004"]
[Site "Hamburg"]
[Date "2000.01.01"]
[Round "8.15"]
[White "Parindra, Amran Mojo Pahit"]
[Black "Mandelbaum, Peter-Rene"]
[Result "1-0"]
[WhiteElo "2032"]
[BlackElo "2155"]
[PlyCount "129"]
[EventDate "2000.??.??"]

1. Nf3 c5 2. e4 Nc6 3. Bc4 g6 4. O-O Bg7 5. Nc3 e5 6. d3 Nge7 7. Be3 d6 8. Ng5
O-O 9. Qf3 d5 10. Nxd5 Nxd5 11. Bxd5 Qe7 12. Qg3 h6 13. Nxf7 Rxf7 14. Qxg6 Nd8
15. Bxf7+ Nxf7 16. f4 exf4 17. Bxf4 Qe6 18. Qg3 Qg4 19. c3 Qxg3 20. Bxg3 Bg4
21. Rae1 Rd8 22. Re3 Ne5 23. h3 Be6 24. Bxe5 Bxe5 25. a3 b5 26. Kf2 a5 27. Ke2
b4 28. axb4 axb4 29. cxb4 cxb4 30. Rb1 Ba2 31. Rc1 b3 32. Rc6 Bxb2 33. Rg3+ Kf7
34. Rxh6 Bd4 35. Rh7+ Kf8 36. Rf3+ Kg8 37. Rb7 b2 38. Rg3+ Kh8 39. Rb5 Bg7 40.
Rxg7 Kxg7 41. Rxb2 Be6 42. Ke3 Ra8 43. d4 Kf6 44. d5 Bc8 45. Kf4 Ra1 46. Rb6+
Ke7 47. Ke5 Rg1 48. Rb2 Ba6 49. Ra2 Bc8 50. Ra8 Kd8 51. Ra2 Re1 52. Rf2 Ke8 53.
h4 Rh1 54. g3 Rg1 55. Kf4 Ke7 56. Rf3 Kd6 57. h5 Rh1 58. Kg5 Ke5 59. Rf8 Ba6
60. Re8+ Kd4 61. d6 Bb5 62. Re7 Kc5 63. d7 Rd1 64. h6 Bxd7 65. h7 1-0

[Event "IHEM 2004"]
[Site "Hamburg"]
[Date "2000.01.01"]
[Round "8.16"]
[White "Schulz, Hans-Juergen"]
[Black "Bach, Matthias"]
[Result "0-1"]
[WhiteElo "2074"]
[BlackElo "2351"]
[PlyCount "52"]
[EventDate "2000.??.??"]

1. e4 Nf6 2. e5 Nd5 3. c4 Nb6 4. a4 d5 5. c5 Nc4 6. d4 Bf5 7. Nc3 Nc6 8. a5 a6
9. Ra4 N4xa5 10. b4 Nc4 11. b5 N6a5 12. Qf3 e6 13. bxa6 Rxa6 14. Bxc4 Nxc4 15.
Rxa6 bxa6 16. Nge2 Be7 17. O-O O-O 18. Nf4 c6 19. Nh5 f6 20. Qg3 Rf7 21. Re1
fxe5 22. dxe5 Bxc5 23. Bh6 Bg6 24. Nxg7 Bxf2+ 25. Qxf2 Rxf2 26. Kxf2 Qh4+ 0-1

[Event "IHEM 2004"]
[Site "Hamburg"]
[Date "2000.01.01"]
[Round "8.17"]
[White "Limbach, Torsten"]
[Black "Kröncke, Manfred"]
[Result "1/2-1/2"]
[WhiteElo "2079"]
[BlackElo "2190"]
[PlyCount "23"]
[EventDate "2000.??.??"]

1. c4 e6 2. Nc3 d5 3. cxd5 exd5 4. d4 c6 5. Bf4 Bd6 6. Bxd6 Qxd6 7. e3 Bf5 8.
Bd3 Bxd3 9. Qxd3 Nf6 10. Nf3 Nbd7 11. O-O O-O 12. Rab1 {(=)} 1/2-1/2

[Event "IHEM 2004"]
[Site "Hamburg"]
[Date "2000.01.01"]
[Round "8.18"]
[White "Engelbert, Christoph"]
[Black "Bergsträßer, Andreas"]
[Result "1-0"]
[WhiteElo "2213"]
[BlackElo "1986"]
[PlyCount "55"]
[EventDate "2000.??.??"]

1. e4 c5 2. c3 e6 3. d4 d5 4. exd5 exd5 5. Nf3 Nc6 6. Be2 c4 7. O-O Bd6 8. Re1
Nge7 9. Bg5 Rb8 10. b3 b5 11. a4 a6 12. b4 O-O 13. Bh4 Bg4 14. Nbd2 Qc7 15. Bg3
Bxg3 16. hxg3 a5 17. bxa5 Nxa5 18. Ne5 Bxe2 19. Qxe2 Nac6 20. Qf3 Rfd8 21. Nxc6
Nxc6 22. axb5 Na7 23. Re5 Nxb5 24. Rae1 Qd6 25. Nf1 h6 26. Ne3 Nc7 27. Nf5 Qf8
28. Ne7+ 1-0

[Event "IHEM 2004"]
[Site "Hamburg"]
[Date "2004.06.06"]
[Round "9.2"]
[White "Moreno Carnero, Javier"]
[Black "Hector, Johnny"]
[Result "1-0"]
[WhiteElo "2525"]
[BlackElo "2512"]
[PlyCount "95"]
[EventDate "2004.??.??"]

1. e4 e5 2. Nf3 Nc6 3. Bb5 a6 4. Ba4 Nf6 5. O-O b5 6. Bb3 Bb7 7. d3 Bc5 8. a4
O-O 9. Nc3 Na5 10. axb5 Nxb3 11. cxb3 axb5 12. Rxa8 Bxa8 13. Nxe5 b4 14. Ne2 d5
15. d4 Be7 16. exd5 Nxd5 17. Qc2 Bd6 18. Ng3 Re8 19. Qf5 f6 20. Nc4 g6 21. Qg4
Bf8 22. Qd1 Qd7 23. Re1 Rd8 24. Ne4 Qf7 25. h3 Ne7 26. Nc5 Nf5 27. Ne6 Rd7 28.
Bf4 Nxd4 29. Nxd4 c5 30. Qa1 Ra7 31. Qd1 cxd4 32. Qxd4 Rd7 33. Qb6 g5 34. Bg3
Rd3 35. Ne3 h5 36. Ra1 Bb7 37. h4 gxh4 38. Bxh4 Rd6 39. Qb5 Bc8 40. Ra5 Be6 41.
Qe2 f5 42. Qf3 Rd3 43. Qf4 Rxb3 44. Nxf5 Rxb2 45. Nh6+ Bxh6 46. Qxh6 Rb1+ 47.
Kh2 Qc7+ 48. f4 1-0

[Event "IHEM 2004"]
[Site "Hamburg"]
[Date "2004.06.06"]
[Round "9.3"]
[White "Löffler, Stefan"]
[Black "Souleidis, Georgios"]
[Result "0-1"]
[WhiteElo "2413"]
[BlackElo "2398"]
[PlyCount "76"]
[EventDate "2004.??.??"]

1. Nf3 d5 2. d4 Nc6 3. g3 Bg4 4. Bg2 e6 5. c4 dxc4 6. Qa4 Qd7 7. Qxc4 O-O-O 8.
e3 e5 9. O-O exd4 10. exd4 Be6 11. Qa4 Kb8 12. Be3 Ne5 13. Qc2 Nxf3+ 14. Bxf3
Ne7 15. Nc3 Nd5 16. Rac1 c6 17. Qe2 h5 18. Bxh5 Nxc3 19. bxc3 Ba3 20. Rb1 Bd5
21. Bg4 Rxh2 22. Kxh2 Rh8+ 23. Bh5 Qf5 24. Bf4+ Ka8 25. Kg1 Qh3 26. f3 Qxh5 27.
g4 Qg6 28. c4 Be6 29. Rb3 Be7 30. Re3 Qh7 31. Bg3 Bg5 32. f4 Bf6 33. f5 Bxd4
34. fxe6 Qe4 35. Re1 fxe6 36. Bh2 Rh3 37. Qg2 Bxe3+ 38. Kh1 Rxh2+ 0-1

[Event "IHEM 2004"]
[Site "Hamburg"]
[Date "2004.06.06"]
[Round "9.4"]
[White "Ftacnik, Lubomir"]
[Black "Zimmermann, Julian"]
[Result "1-0"]
[WhiteElo "2579"]
[BlackElo "2276"]
[PlyCount "41"]
[EventDate "2004.??.??"]

1. Nf3 Nf6 2. c4 e6 3. Nc3 d5 4. d4 c6 5. e3 Be7 6. Bd3 dxc4 7. Bxc4 O-O 8. Qc2
b5 9. Bd3 a6 10. e4 h6 11. e5 Nd5 12. Qe2 Nxc3 13. bxc3 Qd5 14. Be4 Qd7 15. Bc2
Qd5 16. Qd3 g6 17. Bxh6 Rd8 18. h4 Qc4 19. Qxc4 bxc4 20. h5 gxh5 21. Rxh5 1-0

[Event "IHEM 2004"]
[Site "Hamburg"]
[Date "2004.06.06"]
[Round "9.5"]
[White "Handke, Florian"]
[Black "Haba, Petr"]
[Result "1/2-1/2"]
[WhiteElo "2456"]
[BlackElo "2513"]
[PlyCount "73"]
[EventDate "2004.??.??"]

1. e4 e5 2. Nf3 Nc6 3. Bb5 a6 4. Ba4 Nf6 5. O-O Nxe4 6. d4 b5 7. Bb3 d5 8. dxe5
Be6 9. Nbd2 Nc5 10. c3 d4 11. Bxe6 Nxe6 12. cxd4 Ncxd4 13. a4 Rb8 14. Nxd4 Qxd4
15. Qf3 Bb4 16. Qc6+ Qd7 17. Qxd7+ Kxd7 18. Ne4 Rhd8 19. axb5 axb5 20. Be3 Ra8
21. f4 Rxa1 22. Rxa1 Kc6 23. Rc1+ Kb7 24. Kf2 g6 25. g4 Rd3 26. Ke2 Rb3 27. Rc2
c5 28. f5 gxf5 29. gxf5 Nd4+ 30. Bxd4 cxd4 31. Nc5+ Bxc5 32. Rxc5 Kb6 33. Rd5
Re3+ 34. Kd2 Kc6 35. e6 fxe6 36. Rxd4 Re5 37. fxe6 1/2-1/2

[Event "IHEM 2004"]
[Site "Hamburg"]
[Date "2004.06.06"]
[Round "9.6"]
[White "Siebrecht, Sebastian"]
[Black "Lanka, Zigurds"]
[Result "0-1"]
[WhiteElo "2369"]
[BlackElo "2461"]
[PlyCount "100"]
[EventDate "2004.??.??"]

1. d4 Nf6 2. Nf3 g6 3. Bg5 Bg7 4. Nbd2 c5 5. e3 cxd4 6. exd4 O-O 7. c3 d6 8.
Bc4 Qc7 9. O-O e5 10. Re1 Nh5 11. Bb3 Kh8 12. dxe5 dxe5 13. Nc4 f6 14. Nd6 Bg4
15. Be3 Nc6 16. Qd5 Nd8 17. Rad1 Be6 18. Qc5 Qxc5 19. Bxc5 Bxb3 20. axb3 b6 21.
Be3 Ne6 22. Nb5 f5 23. Rd6 Rfe8 24. Rxe6 Rxe6 25. Nc7 Rae8 26. Nxe6 Rxe6 27.
Rd1 h6 28. Rd8+ Kh7 29. Rd7 f4 30. Bd2 g5 31. Kf1 Kg6 32. Rxa7 Rd6 33. Ke2 e4
34. Ne1 Be5 35. f3 Nf6 36. h3 e3 37. Bc1 Nh5 38. Nc2 Ng3+ 39. Ke1 Rd3 40. Re7
Kf6 41. Re8 e2 42. Bd2 Nf1 43. Na3 Nxd2 44. Kxe2 Rd5 45. b4 Nb3 46. Nc4 b5 47.
Nxe5 Rxe5+ 48. Rxe5 Kxe5 49. Kd3 Kd5 50. Kc2 Kc4 0-1

[Event "IHEM 2004"]
[Site "Hamburg"]
[Date "2004.06.06"]
[Round "9.7"]
[White "Stanke, Juergen"]
[Black "Reddmann, Hauke"]
[Result "1/2-1/2"]
[WhiteElo "2306"]
[BlackElo "2338"]
[PlyCount "55"]
[EventDate "2004.??.??"]

1. g3 d5 2. Nf3 Nf6 3. Bg2 c6 4. O-O Nbd7 5. d4 g6 6. b3 Bg7 7. Bb2 Ne4 8. Nbd2
Ndf6 9. c4 O-O 10. Rc1 Bf5 11. Nh4 Nxd2 12. Qxd2 Be6 13. cxd5 cxd5 14. Qb4 b6
15. Nf3 a5 16. Qa3 Ne4 17. Ne5 Nd6 18. Bc3 Qc8 19. Bd2 Qb7 20. Qb2 Rfc8 21.
Rxc8+ Rxc8 22. Rc1 Rc7 23. Rxc7 Qxc7 24. Qc3 Qxc3 25. Bxc3 Nb5 26. Bb2 Kf8 27.
a4 Nc7 28. Kf1 1/2-1/2